Рівненська газета (Запис № 395477)

МАРК-запис
000 -Лідер
fixed length control field 00675cas a22002417a 4500
001 - Контрольний номер
control field 109532
003 - Ідентифікатор контрольного номера
control field UA-OsUOA
005 - Дата та час останнього входження (трансакції)
control field 20211008115400.0
007 - Фіксоване поле фізичного опису
fixed length control field ta
008 - Елементи даних фіксованої довжини – загальна інформація
fixed length control field 201501c n ||un ||n| 00| 0 ukr dukr d
040 ## - Джерело каталогізації
Агенція оригінальної каталогізації UA-OsUOA
Мова каталогізації ukr
Агенція, яка здійснювала перезапис UA-OsUOA
Агенція, яка здійснювала модифікацію UA-OsUOA
041 ## - Код мови
Код мови тексту/ звукової доріжки чи окремого заголовка (П) ukr
044 ## - Код країни видавця/ виробника
Код країни видавця/ виробника (П) UA
080 ## - Індекс Універсальної десяткової класифікації
Індекс Універсальної десяткової класифікації (УДК) (НП) 32
090 ## - Локальний шифр розміщення
Класифікаційний індекс УДК 32
Авторський знак (НП) Р57
099 ## - Місцевий розмір звичайного тексту (OCLC)
Передплатний індекс 08901
245 ## - Відомості про назву
Назва (НП) Рівненська газета
Дані про відповідальність (НП) гол. ред. Голубєв В.
Решта назви (НП) рівненський інформаційний портал
260 ## - Публікація, розповсюдження і т.п. (Вихідні дані)
Місце публікації, розповсюдження і т.п. (П) Рівне
650 #7 - Додаткове предметне введення – тематичний термін
Тематичний термін чи географічна назва, як елемент введення (НП) 32 Політика
Джерело заголовка чи терміна UDC
942 ## - Додаткові елементи входу (Коха)
Тип елемента Koha Газета
Source of classification or shelving scheme Universal Decimal Classification
955 ## - Код типу видання за змістом
Код типу видання за змістом (НП) інше

Немає доступних примірників.